|
|
|
|
| LEADER |
00963pam a22003378a 4500 |
| 001 |
00027973 |
| 005 |
20171026081022.0 |
| 008 |
111222s2006 ||||||engsd |
| 020 |
# |
# |
|a 0194302016
|
| 041 |
0 |
# |
|a eng
|
| 082 |
1 |
4 |
|a 428
|b P205P
|
| 100 |
1 |
# |
|a Lougheed, Lin
|
| 245 |
1 |
0 |
|b Reading. Vocabulary. Test preparation
|c Lin Lougheed
|a People, places, and things 2
|
| 260 |
# |
# |
|a Oxford
|b Oxford Univ. Press
|c 2006
|
| 300 |
# |
# |
|a 92p.
|c 28 cm.
|b ill.
|
| 650 |
# |
4 |
|a English language
|x Textbooks for foreihn speakers
|
| 653 |
# |
# |
|a Kỹ năng đọc
|
| 653 |
# |
# |
|a Tiếng anh
|
| 653 |
# |
# |
|a Từ vựng
|
| 653 |
# |
# |
|a Anh ngữ thực hành
|
| 852 |
# |
# |
|b Kho mượn
|j KM.0010912
|
| 852 |
# |
# |
|b Kho đọc
|j KD.0012380
|
| 852 |
# |
# |
|j KD.0012380
|j KM.0010912
|
| 910 |
0 |
# |
|d 22/12/2011
|
| 980 |
# |
# |
|a Trung tâm Học liệu Lê Vũ Hùng, Trường Đại học Đồng Tháp
|